000 00804cam a22002771 4500
001 977645
003 ARRUPE
005 20140221125630.0
008 790405s1959 nyua 000 0 eng
010 _a 59004164 /L
035 _a(OCoLC)ocm00372934
035 _a(NNC)977645
040 _aDLC
_cDLC
_dZCU
050 0 _aBC135
_b.L43 1959
082 _a164
099 _a164
_aL5833
100 1 _aLewis, Clarence Irving,
_d1883-1964.
_98855
245 1 0 _aSymbolic logic,
_cby Clarence Irving Lewis and Cooper Harold Langford.
250 _a2d ed.
260 _a[New York]
_bDover Publications
_c[1959]
300 _a518 p.
_billus.
_c21 cm.
650 0 _aLogic, Symbolic and mathematical.
_98856
700 1 _aLangford, Cooper Harold,
_d1895-
_98857
942 _2lcc
_cMONOGRAPH
999 _c120133
_d120133